Normal view
MARC view
- Khyal, Ajmal
Entry Personal Name
001 - CONTROL NUMBER
- control field: 14891
003 - CONTROL NUMBER IDENTIFIER
- control field: NUST
005 - DATE AND TIME OF LATEST TRANSACTION
- control field: 20190615074957.0
008 - FIXED-LENGTH DATA ELEMENTS
- fixed length control field: 190615|| aca||aabn | a|a d
040 ## - CATALOGING SOURCE
- Original cataloging agency: NUST
- Transcribing agency: NUST
100 ## - HEADING--PERSONAL NAME
- Personal name: Khyal, Ajmal
670 ## - SOURCE DATA FOUND
- Source citation: Work cat.: (NUST): Khyal, Ajmal, Widwa Rangi Mang /, 2013.
